Expozícia anorganickej prírody v Slovenskom múzeu v Bratislave

Bibliographic Details
Main Author: Schmidt, Zoltán (Author)
Format: Article
Language:Slovak
Subjects:

MARC

LEADER 00000nab a22000001a 4500
001 vtls010744691
003 SK-MaSNL
005 20260426105624.0
008 250718s1959 xo |||||||||||||||||slo|
035 |a (urnnbn)urn:nbn:sk:snk:ar-a02sug 
035 |a (uuid)0ba6637f-736a-44e1-b8ad-b1952900390d 
035 |a urn:nbn:sk:snk-ab4o16 
040 |a SNKBUCL  |b slo  |c SNKBUCL  |e AACR2 
041 0 |a slo 
044 |a xo  |c SK 
080 |a 069.9  |2 2001 
080 |a 069  |2 2001 
080 |a (437.611)  |2 2008 
080 |a 502.5  |2 2001 
100 1 |a Schmidt, Zoltán  |4 aut  |9 326774 
245 1 0 |a Expozícia anorganickej prírody v Slovenskom múzeu v Bratislave  |c Zoltán Schmidt 
610 2 7 |a Slovenské múzeum  |2 SNK  |9 238312 
650 0 7 |a výstavy  |2 SNKPH  |9 2780 
650 0 7 |a múzeá  |2 SNKPH  |9 4119 
650 0 7 |a expozície  |2 SNK  |9 29734 
650 0 7 |a neživá príroda  |2 SNKPH  |9 69613 
651 7 |a Bratislava (Slovensko)  |2 SNKPH  |9 14568 
773 0 |t Múzeum : študijný a informačný materiál  |g Roč. 6, č. 3 (1959), s. 311-349 
850 |a Slovenská národná knižnica 
852 |a Slovenská národná knižnica 
954 |a odborná, vedecká literatúra pôvodná (slovenská)  |2 lita 
958 |a article3 
958 |a OND 
958 |a EUIPO 
999 |c 3356119  |d 3358049